000 00443nam a2200193Ia 4500
005 20240823014832.0
008 240823s9999||||xx |||||||||||||| ||und||
020 _a81-224-1408-7
041 _aENGLISH
082 _A539 P2
100 _aSingh R B
245 0 _aModern Physics
250 _a1st
260 _c2005
_bNew Age International (P
_aNew Delhi
500 _aYES
650 _aPhysics
_bPhysics
942 _cBK
999 _c171020
_d171020